000 01011cam a2200325 4500
008 090401t1991 xxu||||| |||| 00| 0 eng d
020 _a0704903563
035 _a(Sirsi) u14239
041 _aeng
050 _a333.0094
100 _aGosling, J.A.
245 4 _aThe role of the European property professional: France, Spain, the United Kingdom and Germany.
260 _aReading
_bUniversity of Reading
_c1991
300 _a56p. ; 30cm.
350 _a15
490 _aCEPR Working Papers in European Property
650 _aABOUT RICS-RICS MEMBERS
650 _aEUROPEAN COMMUNITY
650 _aMUTUAL RECOGNITION
650 _aPLANNING CONTROL
650 _aPROFESSIONAL QUALIFICATIONS
650 _aPROPERTY DEVELOPMENT
650 _aProperty management
_96262
650 _aPROPERTY PROFESSIONALS
690 _aEUROPE-SINGLE MARKET
700 _aThornley, A.J.
710 _aUniversity of Reading
_bCentre for European Property Research
_92829
942 _n0
948 _c04/03/1997
999 _c87161
_d87161